00687cam a22002531 4500001001300000003000400013005001700017008004100034010001700075035002000092040001800112042001200130043001200142050001600154100003400170245006400204260001000268300002300278500002800301500001400329504003200343650004100375999001700416sa 68003982 DLC20260227112458.0891205s1967 ii b 000 0 hino  asa 68003982  a(OCoLC)20734606 aDLCcWaUdDLC apremarc aa-ii---00aPK2916b.H41 aHeera, Rajvansh Sahay,d1929-10aBhāratīya kāvya-śāstra ke pratinidhi-siddhānta. c1967. a11, 484 p.c23 cm. aAdded t. p. in English. aIn Hindi. aBibliography: p. [481]-484. 0aIndic poetryxHistory and criticism. c79897d79897